000 00698nam a2200289Ia 4500
005 20260324112404.0
008 008 260324s9999 xx 000 0 eng d
020 _a9781003466987
037 _aEBOOK
040 _aCRL
040 _beng
040 _cCRL
041 _2eng
041 _aeng
084 _qCRL
100 _aAlan J. Blackman
_91142489
245 0 _aProfessional Management Consulting
245 2 _bA Guide for New and Emerging Consultants
260 _bTaylor and Francis
260 _c2024
365 _a
365 _b80.99
856 _uhttp://www.taylorfrancis.com/books/9781003466987
942 _cEBOOK
999 _c1731678
_d1731678